| 000 | 00913nam a22002297a 4500 | ||
|---|---|---|---|
| 999 |
_c5286 _d5286 |
||
| 003 | AR-CdUCM | ||
| 008 | 190312b ||||| |||| 00| 0 spa d | ||
| 040 |
_aMUNICIPALIDAD PROVINCIAL DEL CUSCO _cBIBLIOTECA MUNICIPAL DEL CUSCO |
||
| 082 |
_a810.50 / _bP195 |
||
| 245 | _aPanorama actual de la literatura latinoamericana / | ||
| 260 |
_aMadrid : _bEditorial Elementos, _c1971. |
||
| 300 |
_a371 páginas ; _c19 cm. |
||
| 440 |
_aColeccion Arte serie critica _n9 _915982 |
||
| 500 | _aDonación familia Luis Nieto | ||
| 505 | _aContenido: Participación en el ciclo -- La actual literatura Mexicana -- La vanguardia de la literatura Panameña -- La actual literatura latinoamericana -- Nueva Literatura Guatemalteca... | ||
| 650 |
_aLiteratura Latina _9327 |
||
| 650 |
_aSudamérica _94944 |
||
| 650 |
_aLetras actual _915983 |
||
| 700 |
_aEditorial Fundamentos _915984 |
||
| 942 |
_2ddc _cLIBROS |
||
| 945 | _adavv | ||